<?xml version="1.0" encoding="UTF-8"?><?xml-stylesheet type="text/xsl" href="static/style.xsl"?><OAI-PMH xmlns="http://www.openarchives.org/OAI/2.0/" xmlns:xsi="http://www.w3.org/2001/XMLSchema-instance" xsi:schemaLocation="http://www.openarchives.org/OAI/2.0/ http://www.openarchives.org/OAI/2.0/OAI-PMH.xsd"><responseDate>2026-04-29T04:16:16Z</responseDate><request verb="GetRecord" identifier="oai:uvadoc.uva.es:10324/48962" metadataPrefix="marc">https://uvadoc.uva.es/oai/request</request><GetRecord><record><header><identifier>oai:uvadoc.uva.es:10324/48962</identifier><datestamp>2021-11-10T12:02:38Z</datestamp><setSpec>com_10324_38</setSpec><setSpec>col_10324_785</setSpec></header><metadata><record xmlns="http://www.loc.gov/MARC21/slim" xmlns:doc="http://www.lyncode.com/xoai" xmlns:xsi="http://www.w3.org/2001/XMLSchema-instance" xmlns:dcterms="http://purl.org/dc/terms/" xsi:schemaLocation="http://www.loc.gov/MARC21/slim http://www.loc.gov/standards/marcxml/schema/MARC21slim.xsd">
<leader>00925njm 22002777a 4500</leader>
<datafield tag="042" ind1=" " ind2=" ">
<subfield code="a">dc</subfield>
</datafield>
<datafield tag="720" ind1=" " ind2=" ">
<subfield code="a">Valentín-Gamazo García, Jaime</subfield>
<subfield code="e">author</subfield>
</datafield>
<datafield tag="260" ind1=" " ind2=" ">
<subfield code="c">2021</subfield>
</datafield>
<datafield tag="520" ind1=" " ind2=" ">
<subfield code="a">El proyecto se desarrolla con una idea central de respeto al entorno donde nos encontramos&#xd;
ensalzando y poniendo en valor las ruinas halladas de la antigua ciudad. En un enclave histórico&#xd;
se desarrolla una intervención integrada en el ambiento desempeñando las nuevas tecnologías&#xd;
para su construcción. No solo pretende ser un Edificio para la fundación de las letras en Valladolid,&#xd;
sino que parte con la firme idea de genera un punto de encuentro de varias redes urbanas&#xd;
desembocando en un espacio dedicado a la historia.&#xd;
Con esta intervención se pone de manifiesto el paso del tiempo, la superposición de diferentes&#xd;
generaciones respetando y valorando las generaciones anteriores.</subfield>
</datafield>
<datafield tag="024" ind2=" " ind1="8">
<subfield code="a">https://uvadoc.uva.es/handle/10324/48962</subfield>
</datafield>
<datafield ind1=" " ind2=" " tag="653">
<subfield code="a">Edificios culturales - España - Valladolid</subfield>
</datafield>
<datafield ind1=" " ind2=" " tag="653">
<subfield code="a">Barrios (Urbanismo) - España - Valladolid</subfield>
</datafield>
<datafield tag="245" ind1="0" ind2="0">
<subfield code="a">Edificio para la fundación de las letras en Valladolid. Barrio literario</subfield>
</datafield>
</record></metadata></record></GetRecord></OAI-PMH>